00986nam a2200229 a 4500001001000000003000500010005001700015008004100032010001100073011001100084040000900095100003200104245018300136260004100319500006000360502010500420650005100525650003800576650003000614650004200644856007000686000115794CHAP20220329144548.0190705s2019 mx a |sm |||||||spa d a112255 a113227 cCHAP1 aGarcía Bermúdez, Julio.10aReproducción y desintegración de las unidades económicas campesinas en la comunidad de Santa María Huiramangaro, Michoacánh[En línea]cpor Julio García Bermúdez. aChapingo, Méx. :bEl autor,c2019. aPara ver el contenido del material haga clic en la liga aTesis (M. C. en Desarrollo Rural Regional) -- UACH. Dirección de Centros Regionales Universitarios14aComunidades ruralesxVida social y costumbres.14aCondiciones ruraleszMichoacán.14aFamiliaxCalidad de vida.14aOrganización de la comunidad rural. aFinding aiduhttp://10.13.5.2/tesis/sist115794.pdfzTeclea aquí